| 000 | 00556nam a22001577a 4500 | ||
|---|---|---|---|
| 008 | 151109b xxu||||| |||| 00| 0 eng d | ||
| 020 | _a978-971-95775-9-1 | ||
| 082 |
_22014 _aDFil 370.113 _bN16p |
||
| 100 |
_912277 _aNarra, Donald Barroga |
||
| 245 |
_aPracticum manual for criminology interns and professionals/ _cDonald Barroga Narra. |
||
| 260 |
_aQuezon City: _bChapterHouse Publishing, Incorparated, _cc2014 |
||
| 300 |
_aviii, 106 pages _billustrations; _c28 cm. |
||
| 650 | 0 |
_912279 _aJob Training _vManuals |
|
| 365 |
_b388.00 _cPhp |
||
| 942 |
_2ddc _cDFIL |
||
| 999 |
_c3687 _d3687 |
||